[Event "SWE-chT 1920 Superettan"]
[Site "Sweden"]
[Date "2020.02.29"]
[Round "6"]
[White "Agrest, Inna"]
[Black "Arnelind, Mikael"]
[Result "1-0"]
[WhiteElo "2320"]
[BlackElo "2204"]
[PlyCount "129"]
[EventDate "2019.10.18"]
[EventType "team-tourn"]
[EventRounds "9"]
[EventCountry "SWE"]
[SourceTitle "EXT 2023"]
[Source "ChessBase"]
[SourceDate "2022.10.05"]
[SourceVersion "1"]
[SourceVersionDate "2022.10.05"]
[SourceQuality "1"]
[WhiteTeam "Pelaro Alingsas"]
[BlackTeam "Orgryte"]
[WhiteTeamCountry "SWE"]
[BlackTeamCountry "SWE"]

1. e4 e6 2. d4 d5 3. Nc3 Bb4 4. a3 Bxc3+ 5. bxc3 dxe4 6. Qg4 Nf6 7. Qxg7 Rg8 8. Qh6 Nbd7 9. Ne2 b6 10. Ng3 Bb7 11. a4 a5 12. Bb5 Rg6 13. Qh4 Ng4 14. Qxd8+ Rxd8 15. 0-0 Ngf6 16. Re1 Rc8 17. Rb1 Kf8 18. Ne2 e3 19. Nf4 exf2+ 20. Kxf2 Rg7 21. Kg1 Kg8 22. Bf1 Nd5 23. Nh5 Rg6 24. c4 N7f6 25. cxd5 Nxh5 26. dxe6 fxe6 27. Re5 Ng7 28. Rg5 Be4 29. Rb2 Nf5 30. c3 Nd6 31. Rf2 Rf8 32. Re5 Rxf2 33. Kxf2 Bc2 34. c4 Bxa4 35. c5 Rf6+ 36. Ke1 Nf7 37. Re3 Bc2 38. Bc4 Nd8 39. cxb6 cxb6 40. d5 exd5 41. Bxd5+ Rf7 42. Re8+ Kg7 43. Bb2+ Kh6 44. Bxf7 Nxf7 45. Re6+ Kg5 46. Rxb6 a4 47. Kf2 Bb3 48. Ke3 Kg4 49. Rf6 Kg5 50. Rb6 Kf5 51. h3 h5 52. Rb5+ Kg6 53. Kf4 Bc2 54. Rb6+ Kh7 55. Rf6 Bb3 56. Ra6 Bc2 57. Kg3 Bd1 58. Kh4 Kg8 59. Rg6+ Kf8 60. Ba3+ Ke8 61. Re6+ Kd8 62. Re1 Bb3 63. Kxh5 Kd7 64. g4 Bc2 65. Re7+ 1-0

[Event "SWE-chT 1920 Superettan"]
[Site "Sweden"]
[Date "2019.10.18"]
[Round "1"]
[White "Arnelind, Mikael"]
[Black "Carlsson, Ludvig"]
[Result "1-0"]
[WhiteElo "2204"]
[BlackElo "2066"]
[PlyCount "187"]
[EventDate "2019.10.18"]
[EventType "team-tourn"]
[EventRounds "9"]
[EventCountry "SWE"]
[SourceTitle "EXT 2023"]
[Source "ChessBase"]
[SourceDate "2022.10.05"]
[SourceVersion "1"]
[SourceVersionDate "2022.10.05"]
[SourceQuality "1"]
[WhiteTeam "Orgryte"]
[BlackTeam "Vasteras II"]
[WhiteTeamCountry "SWE"]
[BlackTeamCountry "SWE"]

1. d4 Nf6 2. c4 g6 3. Nc3 Bg7 4. e4 d6 5. h3 0-0 6. Be3 e5 7. d5 Na6 8. g4 Nc5 9. Bg2 a5 10. Nge2 Ne8 11. Ng3 Bf6 12. Qd2 Bh4 13. 0-0-0 Bd7 14. Kb1 a4 15. Nge2 Ra5 16. Nb5 Ra6 17. Nec3 Bxb5 18. cxb5 Ra5 19. Bf1 Nf6 20. Bc4 Nfd7 21. Rdg1 Kh8 22. Rg2 b6 23. Rhg1 g5 24. Qe2 Rg8 25. Bd2 Rg6 26. Nd1 Ra8 27. f3 Rf6 28. Ne3 Rh6 29. Nf5 Qf6 30. Qd1 Rg8 31. Qc1 Rhg6 32. Be3 h6 33. Rf1 Kh7 34. Nxh4 gxh4 35. Rgf2 Qg7 36. Qc2 Rf6 37. Rg2 Rf4 38. Bxf4 exf4 39. e5+ Qg6 40. Qxg6+ Kxg6 41. exd6 cxd6 42. Re2 Ne5 43. Rc2 Re8 44. Be2 Ned7 45. Bd1 Kf6 46. Rc4 Kg5 47. Bxa4 Re5 48. Bc2 Re3 49. Bd1 Ne5 50. Rc3 Rxc3 51. bxc3 Nc4 52. Rf2 Kf6 53. Bc2 Ne3 54. Rd2 Ke5 55. Bb3 Nb7 56. Rd4 Nc5 57. Kb2 f5 58. gxf5 Nxf5 59. Rd1 Kf6 60. Rg1 Ng3 61. Bc2 Nd7 62. a4 Ke5 63. Bb3 Nc5 64. Re1+ Kf6 65. Bc2 Kf7 66. c4 Nh5 67. Kc3 Nf6 68. Kb4 Nfd7 69. Be4 Ne5 70. Rg1 Nb7 71. Rg2 Na5 72. Rc2 Nb7 73. Rc3 Kf6 74. Bh7 Kg7 75. Bf5 Kf6 76. Bc8 Na5 77. Bg4 Nxg4 78. fxg4 Ke5 79. Rc1 Kd4 80. Rd1+ Ke3 81. c5 dxc5+ 82. Kc3 f3 83. d6 f2 84. d7 Nb7 85. d8Q Nxd8 86. Rxd8 f1Q 87. Re8+ Kf3 88. Rf8+ Kg2 89. Rxf1 Kxf1 90. a5 bxa5 91. b6 Kg2 92. b7 Kxh3 93. b8Q Kxg4 94. Qh2 1-0

[Event "Gothenburg op"]
[Site "Gothenburg"]
[Date "2019.08.18"]
[Round "7"]
[White "Arnelind, Mikael"]
[Black "Johansson, Roy"]
[Result "1-0"]
[WhiteElo "2187"]
[BlackElo "1976"]
[PlyCount "61"]
[EventDate "2019.08.16"]
[EventType "swiss"]
[EventRounds "8"]
[EventCountry "SWE"]
[SourceTitle "CBM 191 Extra"]
[Source "ChessBase"]
[SourceDate "2019.09.30"]
[SourceVersion "1"]
[SourceVersionDate "2019.09.30"]
[SourceQuality "1"]

1. d4 f5 2. Nc3 Nf6 3. Bg5 Ne4 4. Nxe4 fxe4 5. e3 c6 6. c3 g6 7. h4 h6 8. Bf4 d6 9. f3 exf3 10. Nxf3 Be6 11. Bd3 Bf7 12. Qc2 Rg8 13. 0-0-0 Qa5 14. b3 Nd7 15. Nd2 Nf6 16. Nc4 Qc7 17. e4 0-0-0 18. Rhf1 g5 19. hxg5 hxg5 20. Bxd6 exd6 21. Rxf6 Bg7 22. Rf2 g4 23. Rdf1 Be6 24. Kb1 d5 25. exd5 Rxd5 26. Bf5 Bxf5 27. Rxf5 Rxf5 28. Qxf5+ Qd7 29. Nd6+ Kd8 30. Qxd7+ Kxd7 31. Nxb7 1-0

[Event "Gothenburg op"]
[Site "Gothenburg"]
[Date "2019.08.16"]
[Round "3"]
[White "Arnelind, Mikael"]
[Black "Ahlander, Bjorn"]
[Result "0-1"]
[WhiteElo "2187"]
[BlackElo "2390"]
[PlyCount "102"]
[EventDate "2019.08.16"]
[EventType "swiss"]
[EventRounds "8"]
[EventCountry "SWE"]
[SourceTitle "CBM 191 Extra"]
[Source "ChessBase"]
[SourceDate "2019.09.30"]
[SourceVersion "1"]
[SourceVersionDate "2019.09.30"]
[SourceQuality "1"]

1. d4 Nf6 2. c4 e6 3. Nc3 Bb4 4. e3 0-0 5. Bd3 d5 6. Nf3 c5 7. 0-0 Nc6 8. a3 Bxc3 9. bxc3 dxc4 10. Bxc4 Qc7 11. Qc2 e5 12. Bd3 Re8 13. dxe5 Nxe5 14. Nxe5 Qxe5 15. f3 Be6 16. e4 c4 17. Be2 Qc5+ 18. Kh1 Nd7 19. a4 Ne5 20. Ba3 Qc6 21. Rfd1 Rad8 22. Rd4 Qc8 23. f4 Nc6 24. f5 Nxd4 25. cxd4 Bd7 26. Bxc4 b5 27. Bd3 Qxc2 28. Bxc2 Rc8 29. Bc5 bxa4 30. e5 Rb8 31. h3 Rec8 32. Bxa4 Bxf5 33. Ra2 Be6 34. Rd2 Bd5 35. Kh2 Rb7 36. Bd1 Rcb8 37. Bd6 Rb2 38. Bc2 R8b7 39. e6 Bxe6 40. Ba3 Ra2 41. d5 Rxa3 42. dxe6 fxe6 43. Rd8+ Kf7 44. Bxh7 g6 45. Bg8+ Ke7 46. Rc8 Kf6 47. Rf8+ Kg7 48. Re8 Re3 49. Kg1 a5 50. Kf2 Re5 51. Bxe6 Kf6 0-1

[Event "SWE-chT 1718 Superettan"]
[Site "Sweden"]
[Date "2018.02.04"]
[Round "6.2"]
[White "Arnelind, Mikael"]
[Black "Shkuran, Danylo"]
[Result "0-1"]
[WhiteElo "2221"]
[BlackElo "2418"]
[PlyCount "100"]
[EventDate "2017.10.20"]
[EventType "team-tourn"]
[EventRounds "9"]
[EventCountry "SWE"]
[SourceTitle "EXT 2019"]
[Source "ChessBase"]
[SourceDate "2018.10.10"]
[SourceVersion "1"]
[SourceVersionDate "2018.10.10"]
[SourceQuality "1"]
[WhiteTeam "Orgryte"]
[BlackTeam "Vaxjo"]
[WhiteTeamCountry "SWE"]
[BlackTeamCountry "SWE"]

1. d4 d5 2. c4 c6 3. Nc3 Nf6 4. cxd5 cxd5 5. Bf4 Nc6 6. e3 a6 7. Bd3 Bg4 8. Nge2 e6 9. 0-0 Bd6 10. f3 Bh5 11. Rc1 0-0 12. Bxd6 Qxd6 13. Nf4 Rfc8 14. Nxh5 Nxh5 15. f4 Nf6 16. Na4 Na5 17. b3 Nd7 18. Qd2 Nc6 19. Nc5 Nxc5 20. Rxc5 g6 21. Rfc1 b6 22. R5c2 a5 23. Bb5 Ne7 24. Rxc8+ Rxc8 25. Rxc8+ Nxc8 26. Qc3 Na7 27. a4 Kg7 28. Kf2 g5 29. g3 gxf4 30. gxf4 Qd8 31. Ba6 Qd6 32. Bb5 h6 33. Kf3 Nxb5 34. axb5 Qa3 35. Qc2 Qb4 36. Qd3 Qe1 37. Kg2 Kf6 38. h4 h5 39. Kf3 Qxh4 40. Qc3 Qg4+ 41. Kf2 h4 42. Qc7 Qg3+ 43. Ke2 Qg2+ 44. Kd3 h3 45. Qe5+ Ke7 46. Qc7+ Kf8 47. Qxb6 h2 48. Qb8+ Kg7 49. Qe5+ Kg8 50. b6 h1Q 0-1

[Event "SWE Cup"]
[Site "Sweden"]
[Date "2017.03.26"]
[Round "9.1"]
[White "Arnelind, Mikael"]
[Black "Rorvall, Goran"]
[Result "1-0"]
[WhiteElo "2191"]
[BlackElo "2162"]
[PlyCount "93"]
[EventDate "2017.01.14"]
[EventType "team-tourn"]
[EventRounds "9"]
[EventCountry "SWE"]
[SourceTitle "EXT 2018"]
[Source "ChessBase"]
[SourceDate "2017.10.13"]
[SourceVersion "1"]
[SourceVersionDate "2017.10.13"]
[SourceQuality "1"]
[WhiteTeam "Orgryte"]
[BlackTeam "Horndal"]
[WhiteTeamCountry "SWE"]
[BlackTeamCountry "SWE"]

1. d4 Nf6 2. c4 e6 3. Nc3 c5 4. d5 exd5 5. cxd5 d6 6. e4 g6 7. Nge2 Bg7 8. Ng3 0-0 9. Be2 Re8 10. 0-0 a6 11. a4 Nbd7 12. Be3 Qc7 13. Rc1 h5 14. f3 Rb8 15. b4 b6 16. b5 a5 17. Nb1 Bb7 18. Qd2 Rbc8 19. Bc4 Qd8 20. Bg5 Qe7 21. Na3 Qf8 22. Ba2 Ne5 23. h3 Nh7 24. Be3 Qe7 25. Bb1 Nf8 26. f4 Ned7 27. Nc4 Nh7 28. f5 h4 29. fxg6 fxg6 30. Ne2 Nhf6 31. Nc3 Nh5 32. Bg5 Bd4+ 33. Kh2 Be5+ 34. Nxe5 Qxe5+ 35. Kg1 Ng3 36. Rf2 Qh8 37. Qf4 Rf8 38. Qxd6 Ne5 39. Bf6 Qh6 40. Re1 Rce8 41. Qxb6 Nd7 42. Qxb7 Nxf6 43. d6 Rf7 44. Ba2 Ref8 45. Rxf6 Qd2 46. Rxf7 Qxe1+ 47. Rf1+ 1-0

[Event "SWE Cup"]
[Site "Sweden"]
[Date "2017.03.04"]
[Round "6.1"]
[White "Rosberg, Simon"]
[Black "Arnelind, Mikael"]
[Result "1-0"]
[WhiteElo "2334"]
[BlackElo "2191"]
[PlyCount "127"]
[EventDate "2017.01.14"]
[EventType "team-tourn"]
[EventRounds "9"]
[EventCountry "SWE"]
[SourceTitle "EXT 2018"]
[Source "ChessBase"]
[SourceDate "2017.10.13"]
[SourceVersion "1"]
[SourceVersionDate "2017.10.13"]
[SourceQuality "1"]
[WhiteTeam "Norrkoping Schack 08"]
[BlackTeam "Orgryte"]
[WhiteTeamCountry "SWE"]
[BlackTeamCountry "SWE"]

1. Nf3 Nf6 2. c4 e6 3. g3 b6 4. Bg2 Bb7 5. 0-0 Be7 6. d4 0-0 7. Re1 Na6 8. Nc3 Ne4 9. Qc2 Nxc3 10. bxc3 f5 11. a4 Be4 12. Qa2 c5 13. d5 Bf6 14. Bb2 exd5 15. cxd5 d6 16. Bh3 Nc7 17. c4 f4 18. Nd2 Bg6 19. a5 fxg3 20. hxg3 Rb8 21. axb6 Rxb6 22. Bxf6 Qxf6 23. Nf3 a6 24. Qd2 Rb4 25. Rec1 Rb2 26. Qd1 Be4 27. Ra3 h6 28. Re3 Bg6 29. Rb3 Rb8 30. Rxb8+ Rxb8 31. Qa4 Be8 32. Qa5 Qe7 33. Nh4 g6 34. e3 Kh7 35. Bf1 Rb3 36. Ng2 Bf7 37. Qd2 Rb4 38. Nf4 Qd8 39. Nd3 Rb6 40. e4 Qe8 41. Qa5 Na8 42. Re1 Qc8 43. e5 dxe5 44. Qxc5 Qxc5 45. Nxc5 Kg8 46. Rxe5 Nc7 47. Re7 Nxd5 48. cxd5 Bxd5 49. Rd7 Bf3 50. Rd3 Bg4 51. f3 Bf5 52. Ra3 Rc6 53. Nxa6 h5 54. Nb4 Rc1 55. Kf2 Rb1 56. Nd5 Kg7 57. Ra7+ Kf8 58. Bc4 Rb2+ 59. Ke3 Ke8 60. Kf4 Kd8 61. Ne3 Rb4 62. Kg5 Bb1 63. Be6 Rb6 64. Ra8+ 1-0

[Event "SWE Cup"]
[Site "Sweden"]
[Date "2017.01.14"]
[Round "4.1"]
[White "Arnelind, Mikael"]
[Black "Svensson, Bengt"]
[Result "1/2-1/2"]
[WhiteElo "2191"]
[BlackElo "2342"]
[PlyCount "78"]
[EventDate "2017.01.14"]
[EventType "team-tourn"]
[EventRounds "9"]
[EventCountry "SWE"]
[SourceTitle "EXT 2018"]
[Source "ChessBase"]
[SourceDate "2017.10.13"]
[SourceVersion "1"]
[SourceVersionDate "2017.10.13"]
[SourceQuality "1"]
[WhiteTeam "Orgryte"]
[BlackTeam "Kamraterna"]
[WhiteTeamCountry "SWE"]
[BlackTeamCountry "SWE"]

1. d4 d5 2. c4 dxc4 3. Nf3 Nf6 4. e3 b5 5. a4 b4 6. Bxc4 e6 7. 0-0 Be7 8. Qe2 Bb7 9. Nbd2 0-0 10. Rd1 a5 11. e4 c5 12. e5 Nd5 13. Ne4 Nd7 14. Bg5 h6 15. Bxe7 Qxe7 16. Nd6 Bc6 17. Bb5 Bxb5 18. Nxb5 cxd4 19. Nbxd4 Rfc8 20. Nf5 exf5 21. Rxd5 Nc5 22. h3 Qb7 23. Rad1 Ne6 24. Qe3 Qc6 25. b3 Rc7 26. Nh4 Qc2 27. R5d3 Nc5 28. Qf3 Nxd3 29. Qxa8+ Rc8 30. Qf3 Qxd1+ 31. Qxd1 Rc1 32. Qf1 Rxf1+ 33. Kxf1 Nc5 34. Nxf5 Nxb3 35. Nd6 Nc5 36. Nc4 Nxa4 37. Nxa5 Nc5 38. Ke2 Kf8 39. Kd2 Ke7 1/2-1/2

[Event "Gothenburg op"]
[Site "Gothenburg"]
[Date "2016.08.20"]
[Round "5"]
[White "Arnelind, Mikael"]
[Black "Antonsen, Mikkel"]
[Result "0-1"]
[WhiteElo "2204"]
[BlackElo "2475"]
[PlyCount "114"]
[EventDate "2016.08.19"]
[EventType "swiss"]
[EventRounds "8"]
[EventCountry "SWE"]
[SourceTitle "CBM 174 Extra"]
[Source "ChessBase"]
[SourceDate "2016.10.10"]
[SourceVersion "1"]
[SourceVersionDate "2016.10.10"]
[SourceQuality "1"]

1. d4 d5 2. c4 e6 3. Nc3 Nf6 4. cxd5 exd5 5. Bg5 c6 6. e3 Be7 7. Qc2 Nbd7 8. Bd3 Nh5 9. Bxe7 Qxe7 10. Nge2 g6 11. 0-0-0 Nb6 12. Kb1 Bd7 13. Rc1 Ng7 14. Ng3 Ne6 15. h4 h5 16. Nge2 0-0-0 17. Na4 Nxa4 18. Qxa4 Kb8 19. Qa5 Rc8 20. Rc3 Rc7 21. Ra3 b6 22. Qd2 Ng7 23. Ng3 Ne8 24. Rc3 Nd6 25. Qe2 Bc8 26. Qf3 Bb7 27. Qf4 Re8 28. Rhc1 Ka8 29. Ne2 Rec8 30. Ng1 c5 31. dxc5 bxc5 32. Nf3 c4 33. Bf1 Ne4 34. Nd4 Nxc3+ 35. Rxc3 Qe4+ 36. Qxe4 dxe4 37. g3 a6 38. Kc2 Rc5 39. Kd2 Bd5 40. Ra3 Ka7 41. b4 cxb3 42. axb3 Bb7 43. Bc4 Kb6 44. Ke2 R8c7 45. Ra1 Ra5 46. Rd1 Bd5 47. Bxd5 Rxd5 48. f3 exf3+ 49. Kxf3 Rc3 50. Kf4 Rxb3 51. Rc1 Rb2 52. Rc8 Kb7 53. Rf8 Rd7 54. Nf3 Re7 55. e4 a5 56. Kg5 Rf2 57. Kf6 Rc7 0-1

[Event "SWE-chT 1516 Superettan"]
[Site "Sweden"]
[Date "2016.03.19"]
[Round "8"]
[White "Lindgren, Fredrik"]
[Black "Arnelind, Mikael"]
[Result "1-0"]
[WhiteElo "2242"]
[BlackElo "2190"]
[PlyCount "143"]
[EventDate "2015.11.06"]
[EventType "team-tourn"]
[EventRounds "9"]
[EventCountry "SWE"]
[SourceTitle "EXT 2018"]
[Source "ChessBase"]
[SourceDate "2017.10.13"]
[SourceVersion "1"]
[SourceVersionDate "2017.10.13"]
[SourceQuality "1"]
[WhiteTeam "Umea Rockaden"]
[BlackTeam "Orgryte"]
[WhiteTeamCountry "SWE"]
[BlackTeamCountry "SWE"]

1. d4 Nf6 2. Nf3 e6 3. g3 b6 4. Bg2 Bb7 5. 0-0 Be7 6. b3 0-0 7. c4 d6 8. Bb2 Nbd7 9. Nbd2 c5 10. Qc2 Qc7 11. Rfd1 Rfd8 12. Rac1 Rac8 13. Qb1 Qb8 14. e4 cxd4 15. Nxd4 Qa8 16. Re1 Bf8 17. Rcd1 Nc5 18. f3 a6 19. Nf1 Qa7 20. Kh1 Ba8 21. Re2 Rb8 22. Red2 Be7 23. Ne3 Ne8 24. Bf1 f5 25. Ndxf5 exf5 26. Nxf5 Bg5 27. Re2 Qf7 28. Bg2 b5 29. cxb5 axb5 30. Bd4 Ne6 31. Bf2 Rbc8 32. h4 Bf6 33. Qd3 Qb7 34. Bh3 Nc5 35. Qb1 Rb8 36. b4 Na4 37. Qb3+ Kh8 38. Nd4 Nc7 39. Rc1 Rg8 40. Rec2 Na6 41. a3 Rgf8 42. Ne6 Rfc8 43. Ng5 Rxc2 44. Rxc2 Bxg5 45. hxg5 Qe7 46. Bf5 Qxg5 47. Qe6 Qh6+ 48. Qxh6 gxh6 49. Ba7 Rd8 50. Bc8 N6c5 51. bxc5 Rxc8 52. cxd6 Rd8 53. d7 Rxd7 54. Rc8+ Kg7 55. Rxa8 Rd3 56. Kg2 Rxa3 57. Bd4+ Kf7 58. Ra7+ Ke8 59. Rb7 Rb3 60. f4 Nb2 61. f5 Nc4 62. Bc5 Rb2+ 63. Kh3 Kd8 64. f6 Ne5 65. f7 Nxf7 66. Rxf7 b4 67. e5 b3 68. e6 Re2 69. e7+ Kd7 70. Rf8 b2 71. Rb8 Kc7 72. Rxb2 1-0

[Event "SWE-chT 1415 Elite"]
[Site "Sweden"]
[Date "2015.03.21"]
[Round "8"]
[White "Arnelind, Mikael"]
[Black "Livner, Anders"]
[Result "0-1"]
[WhiteElo "2191"]
[BlackElo "2320"]
[PlyCount "94"]
[EventDate "2014.11.21"]
[EventType "team-tourn"]
[EventRounds "9"]
[EventCountry "SWE"]
[SourceTitle "EXT 2018"]
[Source "ChessBase"]
[SourceDate "2017.10.13"]
[SourceVersion "1"]
[SourceVersionDate "2017.10.13"]
[SourceQuality "1"]
[WhiteTeam "Orgryte"]
[BlackTeam "Farsta"]
[WhiteTeamCountry "SWE"]
[BlackTeamCountry "SWE"]

1. d4 d5 2. c4 c6 3. Nc3 Nf6 4. cxd5 cxd5 5. Bf4 Nc6 6. e3 a6 7. Bd3 Bg4 8. Nge2 e6 9. 0-0 Be7 10. Rc1 0-0 11. Na4 Nd7 12. a3 e5 13. dxe5 Ndxe5 14. f3 Be6 15. Nd4 Nxd4 16. Bxe5 Nc6 17. Bg3 Bf6 18. Nc5 Qb6 19. b4 Ne5 20. Bxe5 Bxe5 21. f4 Bf6 22. Qc2 h6 23. Kh1 Rad8 24. Rf3 Rfe8 25. Rff1 Bc8 26. Qf2 a5 27. Rb1 axb4 28. axb4 Qa7 29. Bb5 Re7 30. Rfd1 Bg4 31. Rd2 Qb6 32. Ba4 Bc3 33. Rc2 Bf6 34. Rd2 Qa7 35. Ra2 Qb8 36. h3 Bf5 37. Rd1 b6 38. Na6 Qc8 39. Bb3 Be4 40. Kh2 Qc3 41. Bc2 Bxc2 42. Rxc2 Qxe3 43. Qxe3 Rxe3 44. Rc6 d4 45. Rxb6 d3 46. Rc6 d2 47. Rc2 Bc3 0-1

[Event "SWE-chT 1415 Elite"]
[Site "Sweden"]
[Date "2014.11.23"]
[Round "3"]
[White "Arnelind, Mikael"]
[Black "Eriksson, Anders"]
[Result "1/2-1/2"]
[WhiteElo "2191"]
[BlackElo "2278"]
[PlyCount "155"]
[EventDate "2014.11.21"]
[EventType "team-tourn"]
[EventRounds "9"]
[EventCountry "SWE"]
[SourceTitle "EXT 2016"]
[Source "ChessBase"]
[SourceDate "2015.10.08"]
[SourceVersion "1"]
[SourceVersionDate "2015.10.08"]
[SourceQuality "1"]
[WhiteTeam "Orgryte"]
[BlackTeam "Vasteras"]
[WhiteTeamCountry "SWE"]
[BlackTeamCountry "SWE"]

1. d4 Nf6 2. c4 e6 3. Nc3 Bb4 4. e3 c5 5. Bd3 d5 6. Nf3 dxc4 7. Bxc4 cxd4 8. exd4 0-0 9. 0-0 Nc6 10. Bg5 Be7 11. Re1 b6 12. a3 Bb7 13. Ba2 Rc8 14. Qd3 Nd5 15. Bb1 g6 16. Bh6 Re8 17. Ne4 Bf8 18. Bxf8 Rxf8 19. Ba2 Nce7 20. Rad1 Nf5 21. Ne5 Nd6 22. f3 Kg7 23. Qd2 Nf5 24. Ng5 Qd6 25. Qf2 h6 26. Ne4 Qe7 27. Ng3 Nd6 28. Ng4 Rfd8 29. Ne4 Nf5 30. Ng3 Nxg3 31. hxg3 Nf6 32. Ne5 Bd5 33. Bb1 Rc7 34. Qe3 Rdc8 35. Qd3 Qe8 36. Kh2 Ng8 37. Qe3 Qb5 38. Qd2 a5 39. Bd3 Qb3 40. Rb1 Qa4 41. Qf4 g5 42. Qe3 Bb3 43. Ng4 Rd7 44. Qe5+ f6 45. Qe4 Qxd4 46. Qg6+ Kf8 47. Rbc1 Rcd8 48. Rc3 Rg7 49. Qh5 Ba4 50. Re4 Qd7 51. Bc4 Re8 52. Rd3 Qf7 53. Qh3 f5 54. Ne5 fxe4 55. Nxf7 exd3 56. Nd6 d2 57. Be2 Ree7 58. Qg4 d1Q 59. Bxd1 Bxd1 60. Qd4 Rd7 61. Qxb6 Rge7 62. Nc4 a4 63. Ne5 Bb3 64. Qc6 Rc7 65. Qe4 Bc2 66. Qd4 Rb7 67. Nc6 Bb3 68. Qd8+ Kf7 69. Ne5+ Kg7 70. Qd4 Nf6 71. Ng4 Rf7 72. Ne5 Rfc7 73. Qd3 Bc2 74. Qd6 Bb3 75. Qd3 Bc2 76. Qd6 Bb3 77. Qd3 Bc2 78. Qd6 1/2-1/2

[Event "Gothenburg Manhem"]
[Site "Gothenburg"]
[Date "2014.08.13"]
[Round "6"]
[White "Arnelind, Mikael"]
[Black "Poley, Vladimir"]
[Result "1-0"]
[WhiteElo "2167"]
[BlackElo "2290"]
[PlyCount "71"]
[EventDate "2014.08.09"]
[EventType "tourn"]
[EventRounds "9"]
[EventCountry "SWE"]
[EventCategory "3"]
[SourceTitle "CBM 161 Extra"]
[Source "ChessBase"]
[SourceDate "2014.08.29"]
[SourceVersion "1"]
[SourceVersionDate "2014.08.29"]
[SourceQuality "1"]

1. d4 g6 2. c4 Bg7 3. e4 Nc6 4. Nf3 d6 5. Be2 e5 6. Bg5 f6 7. Be3 Nh6 8. d5 Ne7 9. h3 f5 10. Nc3 0-0 11. Ng5 f4 12. Bc1 Nef5 13. Nf3 Nd4 14. Nb5 Nxe2 15. Qxe2 a6 16. Nc3 b5 17. cxb5 axb5 18. b4 Bd7 19. Bb2 Nf7 20. a3 Rb8 21. Rc1 Ng5 22. Nb1 Nxf3+ 23. Qxf3 Rf7 24. Nd2 Qg5 25. Rxc7 Bf6 26. Rc2 Bd8 27. Nb3 h5 28. Na5 Bxa5 29. bxa5 b4 30. axb4 Rxb4 31. 0-0 Rxe4 32. Qxe4 f3 33. g3 Rf4 34. Bc1 Bxh3 35. Bxf4 Qg4 36. Rfc1 1-0

[Event "Maastricht Limburg op-A 8th"]
[Site "Maastricht"]
[Date "2014.06.09"]
[Round "7"]
[White "Schenning, Albert AM"]
[Black "Arnelind, Mikael"]
[Result "1/2-1/2"]
[WhiteElo "2017"]
[BlackElo "2160"]
[PlyCount "40"]
[EventDate "2014.06.06"]
[EventType "swiss"]
[EventRounds "7"]
[EventCountry "NED"]
[SourceTitle "CBM 160 Extra"]
[Source "ChessBase"]
[SourceDate "2014.07.01"]
[SourceVersion "1"]
[SourceVersionDate "2014.07.01"]
[SourceQuality "1"]

1. e4 e6 2. d4 d5 3. Nc3 Bb4 4. e5 c5 5. a3 Bxc3+ 6. bxc3 Qc7 7. Qg4 f5 8. exf6 Nxf6 9. Qg3 Qxg3 10. hxg3 c4 11. Be2 Bd7 12. Bh5+ Nxh5 13. Rxh5 Ba4 14. Kd1 0-0 15. Nf3 Nd7 16. Be3 Rae8 17. Kc1 Nf6 18. Rh4 Rc8 19. Rb1 b6 20. Kb2 Be8 1/2-1/2

[Event "Deltalift op"]
[Site "Halmstad"]
[Date "2014.05.31"]
[Round "8"]
[White "Welin, Mats Erik Thomas"]
[Black "Arnelind, Mikael"]
[Result "1-0"]
[WhiteElo "2304"]
[BlackElo "2160"]
[PlyCount "95"]
[EventDate "2014.03.29"]
[EventType "swiss"]
[EventRounds "8"]
[EventCountry "SWE"]
[SourceTitle "EXT 2015"]
[Source "ChessBase"]
[SourceDate "2014.11.20"]
[SourceVersion "1"]
[SourceVersionDate "2014.11.20"]
[SourceQuality "1"]

1. c4 Nf6 2. g3 c5 3. Bg2 g6 4. Nc3 Bg7 5. Nf3 Nc6 6. d4 cxd4 7. Nxd4 Nxd4 8. Qxd4 d6 9. 0-0 0-0 10. Qd3 Bf5 11. e4 Be6 12. Bd2 Qc8 13. b3 Bh3 14. Rac1 Bxg2 15. Kxg2 Rd8 16. f3 b6 17. Rfd1 Qb7 18. Bg5 Re8 19. Rc2 h6 20. Be3 Rac8 21. Rdc1 Qa6 22. Qd2 Kh7 23. Nb5 Qb7 24. a4 Red8 25. Rb1 Rd7 26. Qe2 Ne8 27. h4 h5 28. Rd1 Nc7 29. Nd4 Rf8 30. Rcd2 Na6 31. Qd3 Nc5 32. Qc2 a5 33. Ne2 Rdd8 34. Nf4 Kg8 35. Rd5 Be5 36. Nh3 e6 37. R5d2 f5 38. Ng5 Qe7 39. exf5 gxf5 40. Re2 Rde8 41. f4 Qb7+ 42. Kh2 Bf6 43. Bxc5 dxc5 44. Nxe6 Qf3 45. Rde1 Rf7 46. Qxf5 Bc3 47. Qg6+ Bg7 48. Qxf7+ 1-0

[Event "SWE-chT 1314"]
[Site "Sweden"]
[Date "2014.03.08"]
[Round "8.3"]
[White "Andersson, Bjorn"]
[Black "Arnelind, Mikael"]
[Result "1/2-1/2"]
[WhiteElo "2236"]
[BlackElo "2135"]
[PlyCount "82"]
[EventDate "2013.11.22"]
[EventType "team-tourn"]
[EventRounds "9"]
[EventCountry "SWE"]
[SourceTitle "EXT 2015"]
[Source "ChessBase"]
[SourceDate "2014.11.20"]
[SourceVersion "1"]
[SourceVersionDate "2014.11.20"]
[SourceQuality "1"]
[WhiteTeam "Burgsvik Alva"]
[BlackTeam "Orgryte"]
[WhiteTeamCountry "SWE"]
[BlackTeamCountry "SWE"]

1. e4 e6 2. d4 d5 3. e5 c5 4. c3 Nc6 5. Nf3 Qb6 6. a3 Nh6 7. b4 cxd4 8. cxd4 Nf5 9. Be3 Bd7 10. Bd3 Rc8 11. 0-0 a5 12. b5 Nce7 13. a4 Nxe3 14. fxe3 Nf5 15. Qe2 h5 16. Nbd2 Bb4 17. Rfc1 Ke7 18. Nf1 Rxc1 19. Rxc1 Rc8 20. Rxc8 Bxc8 21. Qf2 Ke8 22. Nh4 Nxh4 23. Qxh4 g6 24. Qf2 Qc7 25. Qc2 Qxc2 26. Bxc2 Be1 27. g3 Kf8 28. Kg2 Kg7 29. Kf3 f5 30. Ke2 Bb4 31. h3 g5 32. g4 fxg4 33. hxg4 h4 34. Nh2 b6 35. Nf3 Kh6 36. Ng1 Bb7 37. Nh3 Bc3 38. Nf2 Bb2 39. Kd2 Ba3 40. Ke2 Bb2 41. Bd3 Bc3 1/2-1/2

[Event "SWE-chT 1314"]
[Site "Sweden"]
[Date "2014.01.18"]
[Round "4.1"]
[White "Arnelind, Mikael"]
[Black "Malesevic, Nedeljko"]
[Result "1/2-1/2"]
[WhiteElo "2135"]
[BlackElo "2255"]
[PlyCount "179"]
[EventDate "2013.11.22"]
[EventType "team-tourn"]
[EventRounds "9"]
[EventCountry "SWE"]
[SourceTitle "EXT 2015"]
[Source "ChessBase"]
[SourceDate "2014.11.20"]
[SourceVersion "1"]
[SourceVersionDate "2014.11.20"]
[SourceQuality "1"]
[WhiteTeam "Orgryte"]
[BlackTeam "Eksjo"]
[WhiteTeamCountry "SWE"]
[BlackTeamCountry "SWE"]

1. d4 d5 2. c4 e6 3. Nc3 Nf6 4. cxd5 exd5 5. Bg5 Be7 6. e3 0-0 7. Qc2 h6 8. Bh4 Be6 9. Bd3 Nbd7 10. Nf3 Ne8 11. Bxe7 Qxe7 12. 0-0 c6 13. b4 Nd6 14. a4 Rac8 15. Rfb1 Bg4 16. Nd2 Qg5 17. Qa2 Nf5 18. Nf1 Nh4 19. f4 Qf6 20. b5 Bf5 21. Bxf5 Nxf5 22. bxc6 bxc6 23. Rb7 Rfd8 24. Qf2 a5 25. Rab1 Nd6 26. R7b3 Qe6 27. Ng3 Re8 28. Nd1 c5 29. f5 Qf6 30. Nc3 cxd4 31. exd4 Qg5 32. Nxd5 Rc1+ 33. Nf1 Rxb1 34. Rxb1 Qxf5 35. Qxf5 Nxf5 36. Rb5 Nxd4 37. Rxa5 Re2 38. Ra8+ Kh7 39. a5 Ne5 40. a6 Ra2 41. Nb4 Ra4 42. Rb8 Ne6 43. Ne3 Nd7 44. Rb7 Nec5 45. Rb5 Nxa6 46. Nbd5 Nac5 47. h3 Ra2 48. Kh2 Rd2 49. Ra5 Rd3 50. Kg1 f5 51. Kf2 Rd2+ 52. Ke1 Rb2 53. Ra7 Nd3+ 54. Kf1 N7c5 55. Kg1 f4 56. Nf5 Rb7 57. Rxb7 Nxb7 58. Kf1 Kg6 59. Nd4 Nbc5 60. Ke2 Kg5 61. Nf3+ Kf5 62. Ne7+ Ke6 63. Nc6 Kf6 64. Ncd4 g5 65. Nd2 Ne5 66. Kf2 Ng6 67. N2f3 Ne4+ 68. Kf1 Ne7 69. Ke2 Nd5 70. Kf1 Ne3+ 71. Kg1 h5 72. Ne2 Ng3 73. Ned4 g4 74. hxg4 hxg4 75. Nd2 Ke5 76. Nc6+ Kd5 77. Ne7+ Kd4 78. Ng6 Kd3 79. Nb3 Ne2+ 80. Kf2 Nd1+ 81. Ke1 Ndc3 82. Kf2 Ne4+ 83. Ke1 Ke3 84. Ne5 Nf6 85. Nc4+ Kd3 86. Ne5+ Ke3 87. Nc4+ Kd3 88. Ne5+ Ke4 89. Nxg4 Nxg4 90. Kxe2 1/2-1/2